000 00546cam a2200205 4500
008 090401t1989 xxu||||| |||| 00| 0 eng d
020 _a0632025999
035 _a(Sirsi) u62392
041 _aeng
050 _a658.404
100 _aCulpin, M.F.
245 4 _aThe management of capital projects
260 _aOxford
_bBSP Professional Books
_c1989
300 _aix,113p. ; 24cm.
350 _a9.95
650 _aBUILT ENVIRONMENT-BUILDING CONTRACT FORMS
650 _aMANAGEMENT-PROJECT MANAGEMENT
942 _n0
948 _c04/03/1997
999 _c94401
_d94401